Revisiting abhijnanasakuntalam (Record no. 133109)

MARC details
000 -LEADER
fixed length control field 00907nam a2200265Ia 4500
003 - CONTROL NUMBER IDENTIFIER
control field OSt
005 - DATE AND TIME OF LATEST TRANSACTION
control field 20220918170218.0
008 - FIXED-LENGTH DATA ELEMENTS--GENERAL INFORMATION
fixed length control field 220917b |||||||| |||| 00| 0 eng d
020 ## - INTERNATIONAL STANDARD BOOK NUMBER
International Standard Book Number 978 81 250 4419 2 (hbk)
037 ## - SOURCE OF ACQUISITION
Terms of availability Textual
040 ## - CATALOGING SOURCE
Original cataloging agency ARTS
Transcribing agency ARTS
Language of cataloging eng
041 ## - LANGUAGE CODE
Source of code eng
Language code of text/sound track or separate title eng
100 ## - MAIN ENTRY--PERSONAL NAME
Personal name Sengupta Saswati Ed.
9 (RLIN) 27676
245 #0 - TITLE STATEMENT
Title Revisiting abhijnanasakuntalam
Remainder of title Love, lineage and language in kalidasa's nataka
260 ## - PUBLICATION, DISTRIBUTION, ETC.
Place of publication, distribution, etc. New Delhi
Name of publisher, distributor, etc. Orient Blackswan India
Date of publication, distribution, etc. 2011
300 ## - PHYSICAL DESCRIPTION
Extent xx, 327p.
Dimensions cm.
650 ## - SUBJECT ADDED ENTRY--TOPICAL TERM
Topical term or geographic name entry element SANSKRIT LITERATURE
700 ## - ADDED ENTRY--PERSONAL NAME
Personal name Tandon Deepika Ed.
9 (RLIN) 27677
942 ## - ADDED ENTRY ELEMENTS (KOHA)
Classification part O15,2D40,1:g, Q1
Koha item type Textual
Source of classification or shelving scheme Colon Classification (CC)
Holdings
Withdrawn status Lost status Damaged status Not for loan Home library Current library Date acquired Source of acquisition Cost, normal purchase price Total Checkouts Full call number Barcode Date last seen Cost, replacement price Price effective from Koha item type
        Arts Library Arts Library 2022-09-18 230, 29/09/2011, Eastern Book Linkers 695.00   O15,2D40,1:g Q1 AL1485906 2022-09-18 695.00 2022-09-18 Textual
Copyright @ Delhi University Library System